• 首页
  • 本馆介绍
  • 公告通知
  • 最新文献
  • 馆藏检索
  • 电子资源
  • 读者导购
  • 参考咨询
  • 我的图书馆
  • 登录
  • 详细信息显示
  • 放入我的书架
  • 预约/预借图书
  • 作者相关作品
  • 分类相关作品
  • 丛书相关作品
  • 出版社相关作品

书目信息

  • 表格格式
  • 工作单格式
  • 卡片格式
题名:
养蜂手册
    
 
作者: ;江西省养蜂研究所 主编
分册:  
出版信息: 北京   农业出版社  1975
页数: 460页
开本: 19cm
丛书名:
单 册:
中图分类: S89-62
科图分类:
主题词: 养蜂--手册
电子资源:
ISBN:
000 00616nam0 2200229 45
001 0175003651
005 20060816111034.20
010    @dCNY1.35
091    @a16144.1726
100    @a19951025d1975 em y0chiy0121 ea
101 0  @achi
102    @aCN@b110000
105    @ay z 000yy
200 10 @a养蜂手册@Ayang feng shou ce@f江西省养蜂研究所主编
210    @a北京@c农业出版社@d1975
215    @a460页@d19cm
606    @a养蜂@x手册
690    @aS89-62@v3
711 02 @a江西省养蜂研究所@Ajiang xi sheng yang feng yan jiu suo@4主编
801  2 @aCN@bNLC@c20060816
801  0 @aCN@bTSSF
905    @a10447@dS89-62@e44
    
    养蜂手册/江西省养蜂研究所主编.-北京:农业出版社,1975
    460页;19cm
    
    
    ISBN :CNY1.35
    
●
相关链接 在E读中查询图书 在五车中查询图书 在当当中查询图书 在豆瓣中查询图书


正题名:养蜂手册     索取号:S89-62/44         预约/预借

序号 登录号 条形码 馆藏地/架位号 状态 备注
1 0458680   204586803   密集书库/ [索取号:S89-62/44] 在馆    
唐山师范学院图书馆 欢迎您!
大连网信软件有限公司© 版权所有